00528nam a2200193Ia 4500008004100000041001200041082001200053100004800065245004300113260002900156300000800185365000700193520001200200546001200212630004300224650001200267655001200279730004300291101110s9999 xx 000 0 und d aENGLISH bSR28660 aBangui P.S., Phatak V.V., Patil C.G. & etc. aA new course in physics paper-II SYBSc c2004bSheth Pub., Mumbai a196 b80 aPhysics aENGLISH aA new course in physics paper-II SYBSc aPhysics aPhysics aA new course in physics paper-II SYBSc